A NavPress Bible study on the book of Proverbs. (Record no. 6951)
[ view plain ]
| 000 -LEADER | |
|---|---|
| fixed length control field | 00794cam a2200277Ia 4500 |
| 001 - CONTROL NUMBER | |
| control field | 28307833 |
| 003 - CONTROL NUMBER IDENTIFIER | |
| control field | OCoLC |
| 005 - DATE AND TIME OF LATEST TRANSACTION | |
| control field | 20190121194650.0 |
| 008 - FIXED-LENGTH DATA ELEMENTS--GENERAL INFORMATION | |
| fixed length control field | 930621s1990 cou b 000 0 eng d |
| 020 ## - INTERNATIONAL STANDARD BOOK NUMBER | |
| International Standard Book Number | 0891093486 |
| 040 ## - CATALOGING SOURCE | |
| Original cataloging agency | CGV |
| Transcribing agency | CGV |
| Modifying agency | BSC |
| 082 ## - DEWEY DECIMAL CLASSIFICATION NUMBER | |
| Classification number | 222.12 |
| 092 ## - LOCALLY ASSIGNED DEWEY CALL NUMBER (OCLC) | |
| Classification number | 223.7 |
| Item number | N327P |
| 245 02 - TITLE STATEMENT | |
| Title | A NavPress Bible study on the book of Proverbs. |
| 246 14 - VARYING FORM OF TITLE | |
| Title proper/short title | Proverbs |
| 260 ## - PUBLICATION, DISTRIBUTION, ETC. | |
| Place of publication, distribution, etc. | Colorado Springs, CO : |
| Name of publisher, distributor, etc. | NavPress, |
| Date of publication, distribution, etc. | c1990. |
| 300 ## - PHYSICAL DESCRIPTION | |
| Extent | 149 p. : |
| Other physical details | maps ; |
| Dimensions | 22 cm. |
| 440 #0 - SERIES STATEMENT/ADDED ENTRY--TITLE | |
| Title | Life change series |
| 500 ## - GENERAL NOTE | |
| General note | "A Navigator study." |
| 500 ## - GENERAL NOTE | |
| General note | Spine title: Proverbs. |
| 504 ## - BIBLIOGRAPHY, ETC. NOTE | |
| Bibliography, etc. note | Bibliography : p. 145-149. |
| 630 00 - SUBJECT ADDED ENTRY--UNIFORM TITLE | |
| Uniform title | Bible. |
| Name of part/section of a work | O.T. |
| -- | Proverbs |
| General subdivision | Study and teaching. |
| 650 #0 - SUBJECT ADDED ENTRY--TOPICAL TERM | |
| Topical term or geographic name entry element | Christian life. |
| 710 2# - ADDED ENTRY--CORPORATE NAME | |
| Corporate name or jurisdiction name as entry element | Navigators (Religious organization). |
| 942 ## - ADDED ENTRY ELEMENTS (KOHA) | |
| Source of classification or shelving scheme | Dewey Decimal Classification |
| Koha item type | Books |
| Withdrawn status | Lost status | Source of classification or shelving scheme | Damaged status | Not for loan | Collection code | Home library | Current library | Shelving location | Date acquired | Cost, normal purchase price | Total Checkouts | Full call number | Barcode | Date last seen | Price effective from | Koha item type |
|---|---|---|---|---|---|---|---|---|---|---|---|---|---|---|---|---|
| Dewey Decimal Classification | Non-fiction | Harvest Mission College | Harvest Mission College | General Stacks | 21.01.2019 | 650.00 | 222.12 | 007823 | 21.01.2019 | 21.01.2019 | Books |
